Walmart Brands Quiz Stats

 Plays Quiz not verified by Sporcle

Challenge
Share
Tweet
Embed
Score 0/12 Timer 02:00
0 Plays Today
Description of Products Brand % Correct
Many traditional grocery store products, including consumable and household itemsGreat Value
81.8%
Food and selected hard goodsSam's Choice
57.6%
Consumable pharmacy and health and beauty itemsEquate
54.5%
Formal clothing for men, women and childrenGeorge
36.4%
Low cost alternative of bedding, ready to assemble furniture, and home decor.Mainstays
33.3%
Brand of soft drinkDr. Thunder
33.3%
Store brand of dog foodOl' Roy
30.3%
Store brand for baby products, including diapers, formula, and accessoriesParent's Choice
30.3%
Store brand of cat foodSpecial Kitty
18.2%
Bottom-tier, low priced generic brand that Walmart introduced in late-2013Price First
15.2%
Women's clothing, footwear, and basic jewelryWhite Stag
9.1%
Brand of budget-priced children's toysPlay Day
6.1%

You're not logged in!

Compare scores with friends on all Sporcle quizzes.
OR
Log In

You Might Also Like...

Show Comments

Extras

Created Nov 26, 2016ReportNominate
Tags:brand, description, extra, product, store

Top Quizzes Today


Score Distribution

Your Account Isn't Verified!

In order to create a playlist on Sporcle, you need to verify the email address you used during registration. Go to your Sporcle Settings to finish the process.

Report this User

Report this user for behavior that violates our Community Guidelines.

Details: